000 00630nam a2200217Ia 4500
005 20241129120107.0
008 241129s9999||||xx |||||||||||||| ||und||
020 _a9780367776091
037 _aTB
040 _aSDCL
_beng
_cSDCL
041 _aeng
_2eng
084 _aX65:5, R3
_qSDCL
100 _aMolyboga Marat; Swedroe Larry E.
_9729115
245 0 _aYour essential guide to quantitative hedge fund investing
260 _aBoca Raton
_bCRC Press
_c2023
300 _axxiv,292p.
365 _aGBP
_b44.99
650 _aBusiness Economics and Finance
942 _cTB
_hX65:5, R3
999 _c1233315
_d1233315